Hajdu Tibor, Zoltványi Irén: Lélektan és Gondolkodástan (ism.)
Elmentve itt :
| Szerző: | |
|---|---|
| Adatforrás: | Philobibl |
| Forrásdokumentuma: | Bölcseleti Folyóirat 1894 554-559. p. |
| Dokumentumtípus: | Cikk |
| Nyelv: | magyar |
| LEADER | 00317nab a2200097 c 4500 | ||
|---|---|---|---|
| 001 | bibDOK00013770 | ||
| 005 | 20200924120847.9 | ||
| 008 | 060518s1894 xx hun | ||
| 100 | 1 | |a Kiss János | |
| 245 | 1 | 0 | |a Hajdu Tibor, Zoltványi Irén: Lélektan és Gondolkodástan (ism.) |c Kiss János |
| 773 | 0 | |t Bölcseleti Folyóirat 1894 |g 554-559. p. | |